Contabilidad de costos I Componentes del costo con aproximaciones a las NIC 02 y NIIF 08 /

Detalles Bibliográficos
Autor principal: Rincn̤ Soto, Carlos Augusto
Otros Autores: Villarreal Vs̀quez, Fernando, Molina Mora, Francisco Ricardo
Formato: eBook
Lenguaje:español
Publicado: Bogot:̀ Ediciones de la U, 2019
Edición:2ð edicin̤
Materias:
Acceso en línea:Acceso restringido

MARC

LEADER 00000nam a22000007a 4500
005 20191118151341.0
007 cr|||| ||||
008 191118s2019 co |||||s|||| 00||0 spa d
020 |a 978-958-792-048-2 
035 |a 30702 
040 |a vLex 
090 |c 10057  |d 10057 
100 1 |a Rincn̤ Soto, Carlos Augusto 
245 1 0 |a Contabilidad de costos I  |h [Recurso electrn̤ico] :  |b Componentes del costo con aproximaciones a las NIC 02 y NIIF 08 /  |c Carlos Augusto Rincn̤ Soto, Fernando Villarreal Vs̀quez, Francisco Ricardo Molina Mora 
250 |a 2ð edicin̤ 
256 |a Servicio en ln̕ea 
260 |a Bogot:̀  |b Ediciones de la U,  |c 2019 
300 |a 1 recurso electrn̤ico 
506 1 |a Disponible solo en los productos indicados  |d vLex Global  |d vLex Global (Academic Edition, excluding Law Schools)  |d vLex Global (U.S. Academic Edition, Law Schools)  |d vLex Global (U.S. Academic Edition, excluding Law Schools)  |d vLex Global (Academic Edition, Law Schools) 
650 0 4 |a Derecho Mercantil y de la Empresa  |z Colombia 
700 1 |a Villarreal Vs̀quez, Fernando 
700 1 |a Molina Mora, Francisco Ricardo 
740 0 |a vLex Libros (Servicio en ln̕ea) 
856 4 0 |u http://vlex.com/source/contabilidad-costos-i-30702  |z Acceso restringido 
942 |c BOOK 
999 0 |a Commercial and Business Law